Szczegóły MARC21

Filozofia starożytna Grecji i Rzymu /

003 -Nazwa inst., której nr kontr. jest w polu 001 [,]
    • @
    • Nazwa instytucji, której n kontrolny jest w polu 001
    • NUKAT
005 -DATA I CZAS OSTATNIEJ MODYFIKACJI [,]
    • @
    • pole kontrolne
    • 20241231103558.0
040 -Instytucja sporządzająca opis [ , ]
    • a
    • Instytucja, która sporządziła opis (NP)
    • NUKAT
    • c
    • Instytucja, która sporządziła rekord (NP)
    • WA U/RET
    • d
    • Instytucja, która zmodyfikowała rekord (P)
    • WA U/IKA
    • d
    • Instytucja, która zmodyfikowała rekord (P)
    • WA U/KU
    • d
    • Instytucja, która zmodyfikowała rekord (P)
    • WA U/EBA
942 -Rodzaj dokumentu [ , ]
    • c
    • Rodzaj dokumentu
    • Książka
245 -Strefa tytułu i oznaczenia odpowiedzialności [0,0]
    • a
    • Tytuł
    • Filozofia starożytna Grecji i Rzymu / Find
    • c
    • Pozostałe elementy strefy tytułu i oznaczenia odpowiedzialności (NP)
    • wyboru dokonała Ewa Kochan.
260 -Strefa adresu wydawniczego [ , ]
    • a
    • Miejsce wydania (P)
    • Szczecin :
    • b
    • Nazwa wydawcy (P)
    • Uniwersytet Szczeciński,
    • c
    • Data wydania (P)
    • 1990.
300 -Strefa opisu fizycznego [ , ]
    • a
    • Określenie formy książki i/lub objętość (NP)
    • 344, [1] s. ;
    • c
    • Format (NP)
    • 25 cm.
336 -Typ zawartości [ , ]
    • a
    • Termin opisujący typ zawartości
    • Tekst
    • b
    • Kod określający zawartość
    • txt
    • 2
    • Źródło (terminu i kodu)
    • rdacontent
337 -Typ mediów [ , ]
    • a
    • Tryb odtwarzania
    • Bez urządzenia pośredniczącego
    • b
    • Kod typu mediów
    • n
    • 2
    • Źródło (terminu i kodu)
    • rdamedia
338 -Typ/rodzaj nośnika [ , ]
    • a
    • Hasło opisujące typ nośnika
    • Wolumin
    • b
    • Kod typu nośnika
    • nc
    • 2
    • Źródło (terminu i kodu)
    • rdacarrier
521 -Uwaga dot. przeznaczenia czytelniczego [8, ]
    • a
    • Uwaga dot. przeznaczenia czytelniczego
    • Wybór tekstów : materiały pomocnicze dla studentów Uniwersytetu Szczecińskiego.
650 -Hasło przedmiotowe [ ,7]
    • a
    • Hasło przedmiotowe
    • Filozofia starożytna
    • v
    • Określnik formalny
    • podręczniki akademickie.
    • 2
    • Źródło terminu
    • kaba
    • 9
    • KHW
    • 352401
700 -Hasło dodatkowe - nazwa osobowa [1, ]
    • a
    • Nazwa osobowa (NP)
    • Kochan, Ewa. Find
    • e
    • Określenie rodzaju współpracy
    • Wybór
    • 9
    • KHW
    • 450019
Lokalizacja Data inwentaryzacji Numer inwentarzowy Sygnatura Status udost.
BE2005-01-07S.69993 2
BE2005-01-07S.69994 -3
BE2005-01-07S.69995 2
BE2005-01-07S.69996 2
BE2005-01-07S.69997 2
BE2005-01-07E.59372 -2
BG2005-01-07W.170020W.170020-5
BG2005-01-07W.187078W.1700202
BG2005-01-07W.170022W.170020-5
BG2005-01-07W.170021W.170020-5
BG2005-01-07W.170023W.170020-5
BG2005-01-07W.170024W.170020-5
BG2005-01-07W.170025W.170020-5
BG2005-01-07W.170026W.1700202
BG2005-01-07W.170027W.170020-5
BG2005-01-07W.170028W.1700202
BG2005-01-07W.170029W.1700202
BG2005-01-07Z.78602Z.786021
BG2005-01-07Z.78603Z.786022
BNS2005-01-07F.22151 1
BNS2005-01-07F.22152 -3